[Event "BRA TR Centro-Oeste"]
[Site "Brasilia"]
[Date "2008.09.20"]
[Round "4.10"]
[White "De Paula, Guilherme Bueno"]
[Black "Gomes, Jose Luis"]
[Result "1-0"]
[WhiteElo "2050"]
[BlackElo "1867"]
[PlyCount "43"]
[EventDate "2008.09.19"]
[EventType "swiss"]
[EventRounds "6"]
[EventCountry "BRA"]
[SourceTitle "EXT 2022"]
[Source "ChessBase"]
[SourceDate "2021.10.06"]
[SourceVersion "1"]
[SourceVersionDate "2021.10.06"]
[SourceQuality "1"]

1. e4 e6 2. d4 d5 3. Nc3 dxe4 4. Nxe4 Nd7 5. Nf3 Ngf6 6. Bg5 Be7 7. Nxf6+ Nxf6 8. Bd3 0-0 9. Qe2 Nd5 10. h4 Bxg5 11. hxg5 g6 12. g3 b6 13. 0-0-0 Nb4 14. Be4 Rb8 15. a3 Nd5 16. Rh6 Kg7 17. Rdh1 Rh8 18. c4 Ne7 19. g4 Bb7 20. Bxb7 Rxb7 21. Qe5+ Kg8 22. Qxh8+ 1-0